000 00645nam a22001817a 4500
003 UA-OsUOA
001 12627
007 ta
008 20050426b un ||||| |||| 00| 0 ukr d
100 _aКоростей В.
942 _cSA
040 _aUA-OsUOA
_cUA-OsUOA
_dUA-OsUOA
245 _aНормотворча діяльність суб'єктів господарювання : [ Підготовка господарських локальних нормативних актів ]
300 _aС.50-53
955 _a0
773 0 _w0
_tПраво України
_dКиїв
_d2005
_gN4
650 7 _aГосподарське право
_2UDC
999 _c298788
_d298788